| 000 | 00426cam a2200181ua 4500 | ||
|---|---|---|---|
| 020 | _cRs. 18.00 | ||
| 041 |
_aeng _h |
||
| 082 |
_a330.126 _bTIT/ES |
||
| 100 | _aTitmuss, Richard M . | ||
| 245 | _aEssays on the welface state | ||
| 250 |
_a2 / _b. |
||
| 260 |
_a : _bUnwin University press , _c1963. |
||
| 300 |
_a262 : _b` ; . |
||
| 365 | _aRs. 18.00 | ||
| 504 | _a | ||
| 942 | _cBK | ||
| 999 |
_c1737 _d1737 |
||